Normal view
MARC view
- Yvon, Rene
Entry Personal Name
001 - CONTROL NUMBER
- control field: 134121
003 - CONTROL NUMBER IDENTIFIER
- control field: NUST
005 - DATE AND TIME OF LATEST TRANSACTION
- control field: 20260414190051.0
008 - FIXED-LENGTH DATA ELEMENTS
- fixed length control field: 260414|| aca||aabn | a|a d
040 ## - CATALOGING SOURCE
- Original cataloging agency: NUST
- Transcribing agency: NUST
100 ## - HEADING--PERSONAL NAME
- Personal name: Yvon, Rene
670 ## - SOURCE DATA FOUND
- Source citation: Work cat.: (NUST): Yvon, Rene., Treasures from the Shanghai Museum: 6,000 Years of Chinese Art /, 1983.
